[Event "Verona-chT Serie C/8 51st"]
[White "Gemma, Stefano"]
[Black "Pichler, Norbert"]
[Site "Verona"]
[Round "3.3"]
[Result "0-1"]
[Date "2019.03.16"]
[WhiteElo "1536"]
[BlackElo "2008"]
[PlyCount "74"]
[EventDate "2019.03.15"]
[EventType "team-tourn"]
[EventRounds "5"]
[EventCountry "ITA"]
[SourceTitle "EXT 2022"]
[Source "ChessBase"]
[SourceDate "2021.10.06"]
[SourceVersion "1"]
[SourceVersionDate "2021.10.06"]
[SourceQuality "1"]
[WhiteTeam "Mantova Scacchi"]
[BlackTeam "Bolzano Naturno"]
[WhiteTeamCountry "ITA"]
[BlackTeamCountry "ITA"]

1. e4 c5 2. Nf3 e6 3. Nc3 Nc6 4. d3 d5 5. exd5 exd5 6. Bg5 Be7 7. Bxe7 Ngxe7 8. Be2 0-0 9. 0-0 b6 10. d4 Be6 11. dxc5 bxc5 12. Ng5 Nf5 13. Nxe6 fxe6 14. Bg4 Ncd4 15. Ne2 Qd6 16. c3 Nxe2+ 17. Qxe2 Rae8 18. Rfe1 e5 19. Rac1 e4 20. Qd1 Rf6 21. Be2 Ne7 22. g3 Ref8 23. Rf1 Nc6 24. Qd2 Qe5 25. Bb5 Ne7 26. Rcd1 h5 27. h4 Rd6 28. Be2 Ng6 29. Qe3 d4 30. Bc4+ Kh7 31. cxd4 cxd4 32. Qe2 d3 33. Qd2 Nxh4 34. gxh4 Rg6+ 35. Kh1 Rf3 36. Qe3 Rxe3 37. fxe3 Qg3 0-1